Estatísticas para Os 15 principais países com mortes por Covid19 - 6 de outubro 2021

Clique aqui para jogar o quiz

Estatísticas Gerais

  • Esse quiz foi jogado 6 vezes
  • A pontuação média é 13 de 25

Estatísticas das Respostas

país% Correto
Argentina
100%
Brasil
100%
Estados Unidos
100%
Índia
100%
Itália
100%
Reino Unido
100%
Rússia
100%
Alemanha
83%
Colômbia
83%
México
83%
Bélgica
67%
Peru
67%
África do Sul
50%
França
50%
Indonésia
50%
Irão
50%
Paraguai
33%
Bósnia e Herzegovina
0%
Bulgária
0%
Chéquia
0%
Eslováquia
0%
Eslovénia
0%
Geórgia
0%
Hungria
0%
Macedónia do Norte
0%

Distribuição das Pontuações

Percentil de Números Respondidos

Porcentagem de Pessoas com Cada Pontuação

Sua Pontuação Histórica

Você não jogou esse quiz